NHL: Kaikkien aikojen suomalaispörssi - Statistics

Yleistilastot
  • Tätä visaa on pelattu 1 512 kertaa
    1 215 viimeisimmän päivityksen jälkeen
  • Keskiarvotulos 20 / 30
Vastaustilastot
Tehopisteitä Pelaaja % Oikein
1457 Teemu Selänne
100%
1398 Jari Kurri
97%
401 Sebastian Aho
94%
711 Mikko Koivu
91%
408 Mikko Rantanen
91%
832 Saku Koivu
91%
553 Aleksander Barkov
90%
327 Patrik Laine
86%
630 Esa Tikkanen
82%
750 Olli Jokinen
82%
563 Jussi Jokinen
81%
443 Mikael Granlund
77%
571 Kimmo Timonen
71%
637 Teppo Numminen
69%
514 Jere Lehtinen
66%
458 Sami Kapanen
64%
520 Valtteri Filppula
64%
344 Reijo Ruotsalainen
61%
346 Tuomo Ruutu
61%
369 Teuvo Teräväinen
60%
339 Sami Salo
52%
301 Niklas Hagman
49%
432 Christian Ruuttu
47%
468 Jyrki Lumme
46%
405 Petri Skriko
38%
282 Joni Pitkänen
37%
426 Ilkka Sinisalo
34%
355 Risto Siltanen
32%
319 Janne Niinimaa
31%
265 Mikko Mäkelä
29%
Ehtoja vastaavia visoja ei löytynyt
Tulosjakauma
Jokaisen tuloksen saaneiden osuus
Persentiili vastausten määrän mukaan
Tuloshistoriasi
Et ole pelannut tätä visaa sen viimeisimmän päivityksen jälkeen